UEFA Cities - Statistics

General Stats
  • This quiz has been taken 18 times
    2 since last reset
  • The average score is 44 of 96
Answers on the Grid
Answers color-coded by a green-red scale on the quiz's grid according to % correct below.
Aberdeen
Alkmaar
Almaty
Amsterdam
Ankara
Antalya
Athens
Baku
Barcelona
Basel
Belgrade
Bergamo
Bergen
Berlin
Bern
Betis
Bialystok
Bilbao
Birmingham
Bodo
Bologna
Bordeaux
Braga
Bratislava
Bristol
Brussels
Bucharest
Budapest
Celje
Chisinau
Copenhagen
Cork
Craiova
Czestochowa
Deventer
Donetsk
Dortmund
Dublin
Dubrovnik
Duisburg
Edinburgh
Eindhoven
Florence
Frankfurt
Freiburg
Gdansk
Genk
Genoa
Gibraltar
Gjilan
Glasgow
Gothenburg
Graz
Gyor
Hamburg
Hamrun
Helsinki
İstanbul
İzmir
Kiel
Kopavogur
Krakow
Krasnodar
Kuopio
Kyiv
Larnaca
Lausanne
Leeds
Leipzig
Leverkusen
Lille
Lisbon
Liverpool
London
Lyon
Madrid
Mainz
Malmo
Manchester
Marseille
Midtjylland
Mliano
Monaco
Montpellier
Moscow
Mostar
Munich
Naples
Newcastle
Nice
Nicosia
Nottingham
Olomouc
Oslo
Pafos
Paris
Pilsen
Piraeus
Plzen
Podgorica
Porto
Poznan
Prague
Qarabag
Razgrad
Rijeka
Rome
Rotterdam
Salzburg
Samsun
Sarajevo
Skopje
Sofia
St. Petersburg
Stockholm
Strasbourg
Stuttgart
Tel Aviv
Tetovo
Thessaloniki
Torino
Trabzon
Utrecht
Valencia
Venice
Vienna
Vigo
Villarreal
Warsaw
Yerevan
Zagreb
Zilina
 
Answer Stats
Answer % Correct
Aberdeen
100%
Alkmaar
100%
Almaty
100%
Amsterdam
100%
Barcelona
100%
Belgrade
100%
Bergamo
100%
Betis
100%
Leverkusen
100%
Liverpool
100%
London
100%
Lyon
100%
Madrid
100%
Manchester
100%
Marseille
100%
Mliano
100%
Munich
100%
Naples
100%
Newcastle
100%
Nottingham
100%
Paris
100%
Porto
100%
Poznan
100%
Prague
100%
Qarabag
100%
Rijeka
100%
Rome
100%
Stuttgart
100%
Warsaw
100%
Zagreb
100%
Athens
50%
Basel
50%
Bilbao
50%
Birmingham
50%
Bodo
50%
Bologna
50%
Brussels
50%
Bucharest
50%
Copenhagen
50%
Craiova
50%
Czestochowa
50%
Donetsk
50%
Dortmund
50%
Eindhoven
50%
Frankfurt
50%
İstanbul
50%
Lausanne
50%
Lisbon
50%
Mainz
50%
Monaco
50%
Nice
50%
Pafos
50%
Plzen
50%
Rotterdam
50%
Salzburg
50%
Samsun
50%
Vienna
50%
Villarreal
50%
Bergen
0%
Bern
0%
Bialystok
0%
Braga
0%
Bratislava
0%
Budapest
0%
Celje
0%
Deventer
0%
Dublin
0%
Florence
0%
Freiburg
0%
Genk
0%
Gibraltar
0%
Gjilan
0%
Glasgow
0%
Gothenburg
0%
Graz
0%
Hamrun
0%
Kopavogur
0%
Kuopio
0%
Kyiv
0%
Larnaca
0%
Lille
0%
Malmo
0%
Midtjylland
0%
Mostar
0%
Nicosia
0%
Olomouc
0%
Piraeus
0%
Razgrad
0%
Strasbourg
0%
Tel Aviv
0%
Tetovo
0%
Thessaloniki
0%
Torino
0%
Utrecht
0%
Vigo
0%
Yerevan
0%
No matching quizzes found
Score Distribution
Percent of People with Each Score
Percentile by Number Answered
Your Score History
You have not taken this quiz since the last reset